Annual digest of statistics 1999 Republik of Mauritius
Guardado en:
| Formato: | Libro |
|---|---|
| Lenguaje: | inglés |
| Publicado: |
Port Louis
Central Statistical Office
2000
|
| Materias: | |
| Etiquetas: |
Sin Etiquetas, Sea el primero en etiquetar este registro!
|
MARC
| LEADER | 00000nam a2200000 4500 | ||
|---|---|---|---|
| 001 | c128720 | ||
| 005 | 20221123132530.0 | ||
| 041 | 0 | |a eng | |
| 044 | |a MU | ||
| 245 | 1 | 0 | |a Annual digest of statistics 1999 |b Republik of Mauritius |
| 264 | 1 | |a Port Louis |b Central Statistical Office |c 2000 | |
| 300 | |a 158 s. | ||
| 610 | 2 | 0 | |a Maurícius |